Normal view
MARC view
Entry Personal Name
001 - CONTROL NUMBER
- control field: 860725
003 - CONTROL NUMBER IDENTIFIER
- control field: OSt
005 - DATE AND TIME OF LATEST TRANSACTION
- control field: 20251231153028.0
008 - FIXED-LENGTH DATA ELEMENTS
- fixed length control field: 251231|| aca||aabn | a|a d
040 ## - CATALOGING SOURCE
- Original cataloging agency: OSt
- Transcribing agency: OSt
100 ## - HEADING--PERSONAL NAME
- Personal name: मंडेलकर, कैलाश
670 ## - SOURCE DATA FOUND
- Source citation: Work cat.: (OSt)1466704: मंडेलकर, कैलाश , एक अधूरी प्रेम कहानी का दु:खान्त , 2019
